000 00896nam a22002777a 4500
001 65
003 FISKH
005 20230221110255.0
008 230221b cb ||||| |||| 00| 0 eng d
020 _a9780545054584
040 _cFISKH
050 _aPZ7
082 _a823.92
100 _aMoss, Olivia
245 _aButterfly meadow
_bThree cheers for mallow!
_cby Olivia Moss
260 _aNew York
_bScholastic
_c2008
300 _a66 p.
_c20 cm.
490 _aButterfly Meadow
_vv. 3
520 _aMallow is organizing a sports day in the field. All of the different insects and animals are going to participate! Dazzle is happy to cheer on her friends. But when one of the butterflies can't compete, can Dazzle
521 8 _a580
_bLexile
521 8 _aK
_bRaz-Plus
650 _aButterflies
650 _aSports stories
650 _aButterflies juvenile fiction
942 _2ddc
_cBK
_n0
999 _c65
_d65